000 00410nam a22001337a 4500
020 _a0-07-043960-5
082 _a696 MUE'S
100 _aMUELLER, J. F
_966298
245 _aSTANDARDS MECHANICAL AND ELECTRICAL DETAILS
260 _aNEWYORK
_bMCGRAW HILL
_c1981
300 _a339P
650 _aBUILDINGS MECHANICAL EQUIPMENT HANDBOOK MANUALS BUILDINGS ELECTRIC EQUIPMENT HANDBOOK MANUALS
_966299
942 _cBK
999 _c574280
_d574280